000 00935nam a2200217 i 4500
001 190190
003 ES-MaACL
005 20250930063201.0
008 200914s1943 sp |||| | spa d
080 _a929 Eximeno, Antonio
100 1 _aOtaño, Nemesio,
_d1880-1956
_9170308
245 1 3 _aEl P. Antonio Eximeno, estudio de su personalidad a la luz de nuevos documentos :
_bdiscurso /
_cleído por el Excmo. Sr. R.P. Nemesio Otaño...; y contestación del Excmo. Sr. D. Conrado del Campo.
260 _aMadrid :
_b[s.n.,
_c1943] (
_fTall. Ferga)
300 _a1 lám., 79 p., p. LXIII, 1 lám. ;
_c24 cm.
594 _aPrecede al tít.: Real Academia de Bellas Artes de San Fernando.
600 1 4 _aEximeno, Antonio,
_d1729-1808
_9140749
700 1 _aCampo, Conrado del,
_d1878-1953
_934193
710 2 _aReal Academia de Bellas Artes de San Fernando.
_96291
852 4 _aES-MaACL
_jF-M-III-N
999 _c190190
_d190190